000 01176nam a2200373Ia 4500
001 dia_3255
003 CHAP
005 20230502135024.0
008 220117s2001 xx 000 0 und d
010 _a176986
020 _a84-8019-554-1
040 _cCHAP
082 _a641.852 J66 2001
100 _aJones, Bridget
_9159874
245 _aJaleas y mermeladas /
_c Bridget Jones ; fotografía Andy Crawford y Mike Newton ; traducción Teleservicios Editoriales
260 _aEspaña :
_b Paidotribo,
_c2001
300 _a101 p.
440 _aDisfruto y hago
_9149603
500 _aTítulo original: Jams and jellies
590 _aTX612.J3 J66 2001
650 _aFruit
_xPreservation
_9151816
650 _aFrutas
_xPreservación
_9153624
650 _aJaleas
_9159875
650 _aJam
_9159876
650 _aJelly
_9159877
650 _aMermeladas
_9148122
700 _aCrawford, Andy, fot.
_9159878
700 _aNewton, Mike, fot.
_9159879
710 _aTeleservicios Editoriales, tr.
_9149606
901 _a641.852 J66 2001
902 _aA
905 _a5232272001 sp d 8222223322spa16
942 _cLIBRO
_2ddc
999 _c176986
_d176986